Essential Urban Design : A Handbook for Architects, Designers and Planners /
Saved in:
| Main Author: | |
|---|---|
| Format: | Book |
| Language: | English |
| Published: |
London :
RIBA Publishing,
2021
|
| Edition: | 1. vydanie |
| Subjects: | |
| Tags: |
No Tags, Be the first to tag this record!
|
MARC
| LEADER | 00000nam a22000003a 4500 | ||
|---|---|---|---|
| 001 | 0102023 | ||
| 003 | SK-STU | ||
| 005 | 20230517153935.3 | ||
| 007 | ta | ||
| 008 | 230517s ----xo-----e------000-0-----d | ||
| 020 | |a 978-1-85946-901-9 | ||
| 040 | |a STU |b slo | ||
| 041 | 0 | |a eng | |
| 044 | |a xxk | ||
| 100 | 1 | |a Cowan, Rob |4 aut | |
| 245 | 1 | 0 | |a Essential Urban Design : |b A Handbook for Architects, Designers and Planners / |c aut. Rob Cowan |
| 250 | |a 1. vydanie | ||
| 260 | |a London : |b RIBA Publishing, |c 2021 | ||
| 300 | |a 218 s. | ||
| 650 | 0 | 7 | |a architekti |
| 650 | 0 | 7 | |a urbanizmus |
| 650 | 0 | 7 | |a urbanistické navrhovanie |
| 650 | 0 | 7 | |a urbanistický kontext |
| 650 | 0 | 7 | |a zachovanie charakteru mesta |
| 650 | 0 | 7 | |a kvalita |
| 650 | 0 | 7 | |a architektúra a politika |
| 650 | 0 | 7 | |a stavebný zákon |
| 650 | 0 | 7 | |a verejná participácia |
| 650 | 0 | 7 | |a strategický prístup |
| 650 | 0 | 7 | |a urbanistické plánovanie |
| 996 | |b 284AU09690 |c A* 13052/U |l AAKNST |s P |a 0 |w 0102023_0001 | ||
| 996 | |b 284AU09691 |c A* 13053/U |l AAKNAR |s A |a 24 |w 0102023_0002 | ||